[Event "Metalska Trgovina CC 90"]
[Site "Ljubljana"]
[Date "2002.01.29"]
[Round "10"]
[White "Kharlov, Andrei"]
[Black "Nisipeanu, Liviu Dieter"]
[Result "1-0"]
[WhiteElo "2638"]
[BlackElo "2608"]
[Annotator "Tsesarsky,I"]
[PlyCount "51"]
[EventDate "2002.01.19"]
[EventType "tourn"]
[EventRounds "11"]
[EventCountry "SLO"]
[EventCategory "11"]
[SourceTitle "CBM 088"]
[Source "ChessBase"]
[SourceDate "2002.03.21"]
[SourceVersion "1"]
[SourceVersionDate "2002.03.21"]
[SourceQuality "1"]

1. c4 e6 2. Nc3 c5 3. e3 Nf6 4. Nf3 Be7 5. d4 cxd4 6. exd4 d5 7. cxd5 Nxd5 8.
Bd3 Nc6 9. O-O O-O 10. Re1 Nf6 11. a3 b6 (11... Qd6 {-see commented game 1-0
Yurtaev,L-Ibragimov,I/Guntur, AP 2000/CBM 77 [Finkel,A](35)}) 12. Bc2 (12. Bg5
Bb7 13. Bc2 Rc8 14. Qd3 g6 15. Bh6 Re8 16. Rad1 Qc7 17. Bb3 Na5 18. Ba2 Ng4 $1
$17 {-see detailed commented game 0-1 Genba,V-Galkin,A/Perm 1997/CBM 58 
[Tsesarsky,I](52)}) 12... Bb7 13. Qd3 g6 14. Bh6 Re8 15. Rad1 Qc7 {This move's
idea is to prepare square d8 for one of black RR and Nf6-g4 jump with threat
to h2} (15... Rc8 {-mainline.}) 16. Bb3 ({Worth of attention also} 16. Nb5 Qd7
17. Ba4 a6 18. Nc3 b5 19. Bb3 Qc7 (19... Ng4 $132) 20. d5 exd5 21. Nxd5 Nxd5
22. Qxd5 Bf8 23. Qxf7+ $1 (23. Bxf8 Rxe1+ 24. Rxe1 Rxf8 25. Qc5 $14 {1/2-1/2
Borik,O-Seeger,W/Stuttgart 1979/EXT 99 (41)}) 23... Qxf7 24. Bxf7+ Kxf7 25.
Rd7+ Re7 (25... Kg8 26. Bxf8 Rxe1+ 27. Nxe1 Rxf8 28. Rxb7 Re8 29. Kf1 Na5 30.
Ra7 Nc4 31. Nf3 Nxb2 32. Rxa6 $16) 26. Rexe7+ Nxe7 27. Ne5+ Ke6 28. Bxf8 Rxf8
29. Rxb7 Rc8 30. Nd3 Rc2 31. h4 $16) 16... Rad8 ({Interesting is} 16... Ng4 $5
{and White had to find fantastic} 17. Rxe6 $3 {[%csl Rg6][%cal Ge6g6,Gd3g6]} ({
Badly is} 17. Bg5 $4 {0-1 Zitek,A-Cupal,M/Svetla nad Sazavou 1998/EXT 99 (21)})
(17. Nb5 Qb8 18. Bd2 a6 19. h3 (19. Nc3 Nxd4 $1 {[%csl Rf3,Rh2][%cal Gb7f3,
Gb8h2]} (19... Na5 20. Ne4) 20. Qxd4 Bxf3 21. Bf4 e5 22. Bxf7+ Kxf7 23. Qc4+
Kf8 24. gxf3 Qc8 $132)) 17... Kh8 $8 (17... Nxh6 $2 18. Rxg6+ $3 $18) (17...
fxe6 18. Bxe6+ Kh8 19. Bxg4 $16 {[%csl Rh8]}) 18. Nb5 (18. Nd5 Qd8 19. Nxe7 (
19. Rxc6 Bxc6 20. Nxe7 Qxe7 21. d5 Nxh6 22. Qc3+ Kg8 23. dxc6 Rad8 $15) 19...
Nxe7 (19... fxe6 20. Nxc6 Bxc6 21. Bg5 $18) 20. Rxe7 Qxe7 21. Bd2 Be4 $44)
18... Qb8 19. d5 $1 (19. Re4 Nxh6 20. d5 Na5 21. Ba2 Bf6 22. Rxe8+ Qxe8 23. Nc7
$132) 19... fxe6 ({Or} 19... Nce5 20. Rxe5 Nxe5 21. Qc3 Bf6 22. Nc7 Nd7 23. Nd4
Rc8 24. Bf4 $16) 20. dxc6 Bxc6 21. Qc3+ Bf6 22. Qxc6 Nxh6 23. Nc7 Rc8 (23...
Bxb2 24. Bxe6 Rxe6 25. Nxe6 Qe8 26. Qb7 $18) 24. Rd7 $16) 17. h3 {Avoiding
Nf6-g4 jump. Now Black has very difficult choice. It is not easy to star any
plan manoeuvres. In other hand, White threats to break by d4-d5 promotion. Bb3
placed on the important diagonal a2-g8, so White's Attack could be very
dangerous.} Rd7 $2 $16 {Badly! Here Rd7 will be vulnerable.} (17... a6 $142 18.
d5 Na5 19. Ba2 exd5 $44) 18. d5 Rc8 ({In case of} 18... Qd8 19. dxe6 $1 {
Black defence is destroying immediately:} Rxd3 20. exf7+ Kh8 21. fxe8=Q+ Nxe8
22. Ng5 $1 Bxg5 23. Rxd3 $18) ({It was necessary to play} 18... Na5 19. Nb5 (
19. Ne5 Nxb3 20. Nb5 Qd8 21. Nxd7 Qxd7 22. Qxb3 Bxd5 23. Qd3 $16) 19... Qc5 (
19... Qd8 20. Ne5 $16 {-see above.}) 20. Ne5 $16 {and White keeps serious
advantage in all variations.}) 19. Qe3 exd5 (19... Bc5 20. Qg5 Nxd5 21. Bxd5
exd5 (21... Be7 22. Qc1 exd5 23. Nxd5 Qd8 24. Qc3 f6 25. Qb3 Kh8 26. Nxe7 $18)
22. Nxd5 $18) 20. Nxd5 Nxd5 21. Bxd5 Bc5 (21... Bf8 22. Bxf8 Rxf8 23. Qh6 $18 {
[%cal Gf3g5]}) 22. Qe8+ Bf8 23. Bxf8 Rxe8 24. Rxe8 Qb8 25. Rxb8 Nxb8 26. Bd6
1-0

[Event "HUN-ch"]
[Site "Budapest"]
[Date "1996.??.??"]
[Round "11"]
[White "Seres, Lajos"]
[Black "Acs, Peter"]
[Result "1-0"]
[WhiteElo "2450"]
[BlackElo "2410"]
[Annotator "Tsesarsky,I"]
[PlyCount "41"]
[EventDate "1996.12.??"]
[EventType "tourn"]
[EventRounds "11"]
[EventCountry "HUN"]
[EventCategory "9"]
[SourceTitle "CBM 057"]
[Source "ChessBase"]
[SourceDate "1997.04.01"]
[SourceVersion "1"]
[SourceVersionDate "1997.04.01"]
[SourceQuality "1"]

1. c4 c6 (1... Nf6 2. Nc3 e6 3. d4 Bb4 4. e3 c5 5. Bd3 O-O 6. Nf3 d5 7. O-O
cxd4 8. exd4 dxc4 9. Bxc4 b6 10. Re1 Bb7 11. Bd3 Nc6 12. a3 Be7 13. Bc2 (13.
Bg5 Rc8 14. Bc2 Re8 15. Qd3 g6) (13. Bb1 $6 Rc8 14. Qd3 Re8 15. d5 $2 exd5 16.
Bg5 g6 17. Rxe7 Qxe7 18. Nxd5 Qe1+) 13... Re8 (13... Ba6 $5) (13... Rc8 14. Qd3
g6 15. Bh6 Re8 16. Rad1 $14) 14. Qd3 {Makarichev-Velikov-see later d4-d5!
White's move!} g6 (14... Rc8 $4 15. d5 exd5 (15... Nxd5 16. Qxh7+ Kf8 17. Qh8#)
16. Bg5 $1 Ne4 $8 (16... g6 17. Rxe7 $1 Qxe7 18. Nxd5 $18) 17. Nxe4 dxe4 18.
Qxe4 g6 19. Qh4 h5 20. Rad1 $2 {1/2-1/2 Portisch,L-Karpov,A/Milano 1pl 1975 
(40)} (20. Bb3 $1 Qc7 21. Qe4 {/\Qxg6+} Kg7 22. Bxf7 $1 Kxf7 23. Bh6 {/\Qc4#,
Qe6#.} (23. Bh6 $1 Qd6 24. Qc4+ Kf6 25. Rad1 Nd4 26. Qxd4+ Qxd4 27. Rxd4 Rc5
28. h4 {1-0, Petrosian,T-Balashov (SU 1974)}))) 15. Bf4 (15. h4 $5 {T.Georgadze
} Qd6 $146 (15... Rc8 16. Bg5 Nd5 17. Rad1 Bxg5 18. Nxg5 Nxc3 19. bxc3 {
Georgadze,T-Makarichev (Vilnius 1980)} Ne7 $1 20. c4 Nf5 21. g3 $13 {T.
Georgadze}) (15... Qc7 $5) 16. Bg5 Rad8 17. Rad1 Qb8 (17... Qc7 $142 18. Bb3
Nd5 $14) 18. Bb3 a6 $2 (18... Qa8 $6 19. Ba2 Na5 20. Ne5 Bxg2 $140 21. Nxf7 $1
Kxf7 22. Rxe6 Bd5 23. Rxf6+ Bxf6 24. Nxd5 Rxd5 25. Qf3 $18) (18... Nd5 $142 {
+/=/+/-}) 19. d5 $1 (19. Ba2 $2 Nd5 $1 $14) 19... Na5 (19... exd5 20. Rxe7 $1
$18) (19... Nxd5 20. Bxd5 $5 Bxg5 21. Nxg5 exd5 22. Nxd5 $40) 20. dxe6 $3 $16 {
1-0 Yusupov,A-Lobron,E/Nußloch sp 1996 (27)} (20. Ba2 Nxd5 21. Nxd5 Bxd5 22.
Bxd5 Rxd5 23. Qxa6 $14)) (15. Bh6 Rc8 16. Rad1 Bf8 17. Bg5 Be7 18. Ba4 $14 {
Tarjan-Browne (USA 1977)}) 15... Rc8 16. Rad1 Na5 17. Ne5 Nd5 18. Bd2 Nxc3 19.
Bxc3 Bd5 20. Ba4 Rf8 21. Nd7 Re8 22. Ne5 Rf8 23. Nd7 Re8 24. Ne5 {1/2-1/2
Mecking,H-Polugaevsky,L/Lucerne cm qf 1977}) 2. e4 d5 3. exd5 cxd5 4. d4 Nf6 5.
Nc3 e6 6. Nf3 Be7 7. cxd5 Nxd5 8. Bd3 O-O 9. O-O Nc6 10. a3 Nf6 11. Bc2 b6 12.
Qd3 Bb7 13. Re1 Qd6 $4 $146 (13... Re8 $2 14. d5 $1 exd5 15. Bg5 Ne4 16. Nxe4
dxe4 17. Qxe4 g6 18. Qh4 Qc7 19. Bb3 h5 20. Rac1 Bf8 21. Bf6 Bg7 22. Bxg7 Kxg7
23. Ng5 Rxe1+ 24. Rxe1 Qd7 25. Bxf7 Nd4 26. h3 Nf5 27. Qf4 Qc6 28. f3 Qc5+ 29.
Kh2 Qf2 30. Re6 Nh4 31. Rxg6+ Nxg6 32. Ne6+ {1-0 Makarichev,S-Velikov,P/Frunze
1985}) (13... g6 $1 {-Theory}) 14. d5 $1 $18 {Standard!} Nd8 (14... exd5 15.
Bg5 g6 (15... Ne4 16. Bxe7 Qxe7 (16... Nxe7 17. Nxe4 $18) 17. Nxd5 $18) 16.
Rxe7 $1 Nxe7 (16... Qxe7 17. Nxd5 $18) 17. Nb5 {[%csl Rf6]} Qe6 18. Nfd4 Qe5
19. f4 Qb8 20. Bxf6 $18) 15. Bg5 g6 $8 16. Qd4 $1 Ne8 (16... Nh5 $142 17. Ne4
Qc7 18. Bxe7 Qxe7 19. d6 Qd7 (19... Qe8 20. g4 (20. d7 Qe7 21. Rad1 $16) 20...
f5 21. gxh5 (21. gxf5 gxf5 22. Ned2 $16) 21... fxe4 22. Ne5 gxh5 23. Bxe4 Bxe4
24. Rxe4 Rf5 25. Kh1 Rg5 26. d7 (26. Rc1 Qb5 27. d7 $18 {[%csl Rc8][%cal Ge4e1,
Ge1g1]}) 26... Qe7 27. Rc1 Rg7 28. h4 $18) 20. Ne5 (20. g4 f5 21. gxh5 fxe4 22.
Ne5 Qg7 23. Bxe4 gxh5+ 24. Kh1 Rf4 25. f3 $16 {[%csl Yd6][%cal Ge1g1]}) 20...
Qb5 21. Nc3 (21. Ng4 Ng7 $8 22. Nef6+ Kh8 23. Qe5 $16) 21... Qc5 22. Qxc5 bxc5
23. Nd7 Re8 24. Nxc5 $18) 17. Ne4 Qc7 18. Bxe7 Qxe7 19. d6 Qd7 20. Ne5 Qb5 21.
d7 (21. d7 {(} Nc7 (21... Ng7 22. Nf6+ Kh8 23. Qh4 h5 24. Qg5 $18) 22. Nf6+ Kg7
23. Ba4 Qc5 24. Ne8+ Rxe8 25. Qxc5 bxc5 26. dxe8=Q Nxe8 27. Bxe8 $18 {)}) 1-0

[Event "Corus"]
[Site "Wijk aan Zee"]
[Date "2002.01.15"]
[Round "3"]
[White "Dreev, Alexey"]
[Black "Kasimdzhanov, Rustam"]
[Result "0-1"]
[WhiteElo "2683"]
[BlackElo "2695"]
[Annotator "Tsesarsky,I"]
[PlyCount "144"]
[EventDate "2002.01.12"]
[EventType "tourn"]
[EventRounds "13"]
[EventCountry "NED"]
[EventCategory "18"]
[SourceTitle "CBM 087"]
[Source "ChessBase"]
[SourceDate "2002.03.21"]
[SourceVersion "1"]
[SourceVersionDate "2002.03.21"]
[SourceQuality "1"]

1. d4 Nf6 2. c4 e6 3. Nf3 d5 4. Nc3 c5 5. cxd5 Nxd5 6. e3 ({Dreev avoids from} 
6. e4 {-the mainline.}) 6... Nc6 7. Bd3 Be7 8. O-O O-O 9. a3 cxd4 10. exd4 Bf6
11. Re1 Bd7 ({Here can be recommended} 11... Nxd4 $1 $132 {-see detailed
commented game 1/2-1/2 Comp Fritz 6-Golod,V/Ramat Aviv 2000/CBM 77[Golod,V] 
(71)}) (11... Nxc3 12. bxc3 b6 13. h4 $1 Bb7 (13... Bxh4 $6 14. Nxh4 Qxh4 15.
Re3 $40 {1-0 Vaisser,A-Meduna,E/Sochi 1983/MCL (26)}) (13... Re8 14. Qc2 h6 15.
Qe2 Qd5 16. Be4 Qd7 17. Bc2 Bb7 18. Qd3 Ne7 19. Qh7+ Kf8 20. Re3 Bxf3 21. Rxf3
Ng8 22. a4 $18 {[%cal Gc1a3] 1-0 Milos,G-Asfora,M/Brasilia 1985/EXT 2000 (58)})
14. Ng5 $1 (14. Qc2 $6 h6 $132 {1/2-1/2 Jensen,V-Rosenlund,T/Copenhagen 1981/
EXT 2000 (36)}) 14... g6 15. Qg4 h5 (15... e5 16. h5 $16 {[%csl Rh7][%cal
Gg5h7,Gh5g6]}) 16. Qg3 Ne7 17. Bf4 Rc8 18. Rac1 Qd7 (18... Nf5 19. Nxe6 $1 $16
Bxh4 (19... fxe6 20. Qxg6+ $18 {1-0 Shabtai,R-Kataev,S/Tel Aviv 1995/EXT 97 
(24)}) 20. Nxd8 Bxg3 21. Bxg3 Rfxd8 22. Bxf5 gxf5 23. Re7 Be4 24. Bf4 (24. f3
$16) 24... a6 25. f3 $16 {1/2-1/2 Makarichev,S-Meduna,E/Sochi 1983/MCL (35)})
19. Nf3 (19. Ne4 Bxe4 20. Bxe4 $14) 19... Bxf3 20. Qxf3 Nd5 21. Ba6 (21. Bh6
Bg7 22. Bd2 b5 $132 {1/2-1/2 Hansen,C-Ribli,Z/Plovdiv 1983/EU-chT (42)}) 21...
Rcd8 22. Bh6 Bg7 23. Bg5 $14) 12. Ne4 $5 {[%cal Ge4f6] In this type os
position - with isolated P - White must avoid pieces exchange.} ({Interesting
was also} 12. Ne5 $5 Be8 $140 13. Qg4 $14) ({After} 12. Nxd5 exd5 13. Qb3 {
[%csl Rb7,Rd4,Rd5] position is equal:} Bg4 (13... Nxd4 14. Nxd4 Bxd4 15. Bxh7+
Kxh7 16. Qd3+ Bf5 17. Qxd4 Re8 $11) 14. Ne5 Nxd4 15. Qxb7 Be6 $11) 12... Bxd4 (
12... h6 13. Nxf6+ Qxf6 14. Ne5 $14) 13. Neg5 (13. Nxd4 Nxd4 14. Nc5 Bc6 15.
Bxh7+ Kxh7 16. Qxd4 $11) 13... h6 14. Nxd4 ({Worth of attention also} 14. Bh7+
Kh8 15. Nxd4 Nxd4 16. Qxd4 hxg5 17. Bb1 Qf6 (17... f5 18. Re5 {[%csl Rd5,Rf5]
[%cal Gb1f5]} Qb6 19. Qxb6 Nxb6 20. Bxg5 Nc4 21. Re2 $16) 18. Qg4 Kg8 19. Be4
Bc6 20. Bxg5 Qxb2 21. Rab1 $40 {[%csl Rg8][%cal Gg4h4]}) 14... hxg5 (14... Nxd4
15. Bh7+ Kh8 16. Qxd4 {-see previous variation.}) 15. Nf3 $6 $132 (15. Nb3 $142
$5 $14 {[%csl Rg5][%cal Gb3c5,Gd1h5]}) 15... f6 16. h4 $6 $15 (16. Be4 $142
Nce7 17. Qb3 Qb6 18. Qxb6 axb6 $15) (16. Bc2 Qe8 17. Bb3 {[%csl Rd5][%cal
Gb3d5]} (17. Qd3 Qh5 18. Bb3 $44) 17... Nce7 18. Nd4 {[%csl Re6][%cal Gd4e6,
Ge1e6]} e5 19. Bd2 $13) 16... g4 17. Nh2 g3 $5 ({Right wa also} 17... f5 {
[%csl Re5,Rf4,Rg5] but Black doesn't want to weaken black squares in his camp.}
18. Bc4 Qxh4 19. Bxd5 exd5 20. Qxd5+ Rf7 21. Bf4 Rd8 $15) 18. fxg3 Ne5 19. Rxe5
$2 $19 {This exchange sacrifice gives to Black decisive advantage, but White
wants to complicate position.} (19. Be4 $142 Bc6 $15) 19... fxe5 20. Nf3 Bb5 $1
{[%csl Rd3][%cal Gb5d3] unexpected strong impact. Black wants to exchang very
strong and dangerous piece- Bd3.} 21. Bg5 (21. Bxb5 $144 Qb6+ 22. Kh2 Qxb5 23.
Nxe5 Rf5 $19) 21... Qb6+ 22. Kh2 Bxd3 23. Qxd3 Qxb2 24. Re1 Qc3 (24... Rac8 $19
) 25. Qxc3 Nxc3 26. Rxe5 Rae8 {White's position is lost. It is possible resign
here. However, Dreev doesn't think so!} 27. g4 Rf7 28. Be3 Nd5 29. Bd4 (29.
Bxa7 b6 $19) (29. Ng5 Nxe3 30. Rxe3 Rf6 $19) 29... b6 30. Rg5 Nf6 (30... Rc8
$19) 31. Rg6 Rd8 32. h5 Rd5 33. Kh3 Nd7 34. h6 (34. Rxe6 Rxf3+ 35. gxf3 Rxd4
$19) 34... e5 35. Bb2 Nf8 36. Rc6 gxh6 37. Nxe5 Re7 38. Nf3 Re6 39. Rc8 Kf7 40.
Nh4 Rd3+ 41. g3 Rd2 42. Bc3 Rd3 43. Nf5 Rd1 ({Wins} 43... Rg6 44. Rc7+ Rd7 $19)
44. Kg2 a5 $2 $17 {Gives to White serious chances for resistance.} ({Strong
and simple is} 44... Rg6 45. Rc7+ Rd7 $19) 45. Bd4 {Threatening Rc8-c7+} Ng6 (
45... b5 $2 46. Rc7+ Kg8 (46... Ke8 47. Rc8+ Kf7 48. Rc7+ $11) 47. Rg7+ $11)
46. Nxh6+ Ke7 47. Nf5+ Kd7 48. Rb8 Kc7 49. Rg8 Rd3 50. Rg7+ Kb8 51. g5 Rxa3 52.
Bf6 {Position became sharp and complicated. It is not easy to stop pass Pg5.}
Re2+ 53. Kh3 Nf4+ 54. Kg4 Nd5 55. Nd6 $5 ({Maybe more stubborn is} 55. Rf7 Re4+
$1 (55... a4 $2 56. g6 Re8 57. g7 $18 {and White wins}) (55... Re6 $2 $44 56.
Ne7 Nxe7 57. Bxe7 Rae3 58. Bf6 a4 (58... b5 $2 59. g6 Re8 60. g7 Rg8 61. Be7
$18 {Here White wins too!}) 59. g6 Re8 60. g7 Rg8 61. Be7 Rxe7 62. Rxe7 a3 63.
Rf7 Rxg7+ 64. Rxg7 a2 65. Rg8+ Kb7 66. Rg7+ Kb8 67. Rg8+ $11) 56. Kh5 Rf3 57.
g4 Rh3+ 58. Kg6 Nf4+ 59. Kg7 Ne6+ 60. Kg6 Rxg4 61. Ne7 Rc4 $17) 55... Rd3 56.
Nf7 ({Or} 56. Rb7+ Ka8 57. Rf7 Ree3 $1 ({Not} 57... Nxf6+ $2 58. Rxf6 Ree3 59.
Nf5 Re4+ (59... Re8 60. Rxb6 Ka7 61. Rb1 a4 62. g6 a3 63. g7 Rg8 64. Kg5 $44)
60. Kh5 Re5 61. g6 Rxg3 62. Kh6 Rg2 63. g7 a4 64. Rg6 Rxg6+ 65. Kxg6 Re8 66.
Nd4 Kb7 67. Kh7 a3 68. g8=Q Rxg8 69. Kxg8 b5 70. Kf7 Kb6 71. Nb3 b4 72. Ke6 Kb5
73. Kd5 a2 74. Kd4 Ka4 75. Kc4 Ka3 76. Nd4 Kb2 77. Nb3 Ka3 78. Nd4 $11) 58. Rd7
Rxg3+ 59. Kf5 Rgf3+ 60. Ke6 Nf4+ 61. Kf7 a4 62. Rd8+ Ka7 63. Nb5+ Kb7 64. Rxd3
Rxd3 65. g6 Rd7+ 66. Ke8 Kc6 67. g7 Nh5 68. Nd4+ Rxd4 69. Bxd4 Nxg7+ 70. Bxg7
b5 $19) 56... Re4+ 57. Kf5 Re8 58. Be5+ Ka8 59. g6 ({Or} 59. Nd6 Rf3+ 60. Ke4 (
60. Bf4 Rf8+ 61. Ke6 (61. Ke5 Nxf4 62. gxf4 R3xf4 63. Nc8 $1 Rb4 64. Ne7 Re8
65. Kf5 {Threatening Nc6} Rc4 66. Nd5 Rc5 67. Rd7 Rg8 68. g6 a4 $19) 61...
Nxf4+ 62. gxf4 R3xf4 63. Nb5 Rf1 64. g6 a4 $19) 60... Re3+ 61. Kxd5 R3xe5+ 62.
Kd4 R8e6 63. Nc4 Re1 64. g6 Rd1+ 65. Kc3 Rc6 66. Rg8+ Kb7 67. g7 Rg6 $19) 59...
a4 $4 $44 ({Right was only} 59... Re3 $1 60. Bf4 R3e7 61. Rh7 b5 62. Nd6 Rf8+
63. Kg5 b4 64. Rxe7 Nxe7 65. g7 Rd8 66. Nc4 b3 $1 (66... a4 $2 67. Bd6 Rxd6 (
67... Ng8 68. Bxb4 Rd4 69. Nb6+ Kb7 70. Bc3 Rd3 71. Nxa4 $11) 68. Nxd6 a3 69.
Nf5 Ng8 70. Nd4 Kb7 71. Kg6 a2 72. Nb3 Kc6 73. Kf7 Nh6+ 74. Kf8 Kd5 75. g4 Kc4
76. g5 Ng8 77. Kxg8 Kxb3 78. Kh7 a1=Q 79. g8=Q+ $11)) 60. Rh7 $4 $19 {Terrible
mistake that makes White's defence hopeless.} ({Draw by force is after} 60. Nd6
$1 {[%csl Gg6][%cal Gg6g8]} Ne3+ (60... Rf8+ 61. Rf7 Rg8 62. g7 $18) 61. Kf4
Nd5+ 62. Kf5 Ne3+ $11) 60... a3 61. g7 ({Too late is} 61. Nd6 Ne7+ 62. Ke4 Rxd6
$1 63. Bxd6 Nxg6+ 64. Kf5 a2 65. Rh1 Ne7+ 66. Bxe7 Rxe7 67. Ra1 Re2 68. g4 b5
69. g5 b4 70. g6 b3 $19) 61... Rf3+ 62. Ke4 Rxf7 63. g8=Q (63. Kxd5 Rf5 $19)
63... Nf6+ 64. Kf4 Nd5+ 65. Ke4 Nf6+ 66. Kf4 Nxg8+ ({Or} 66... Nh5+ 67. Ke4
Rxg8 68. Rxf7 Nxg3+ $19) 67. Rxf7 Ne7 68. Bg7 (68. Bd4 Nd5+ 69. Kf3 a2 $19)
68... Nd5+ 69. Kg5 b5 70. Rd7 Rg8 71. Kh6 Rxg7 72. Rd8+ Kb7 0-1